000
00254 a2200097 4500
001
48315
100
_a
Yaacov, N.B
245
_a
The handling of international disputes by means of inquiry
260
_a
Londo
_b
Oxford univ press
_c
090
_c
31265
_d
31265
942
_a
NUST-CAE
_c
M
_c
23631
999
_c
283388
_d
283388